| 000 | 01232cam a2200229 4500 | ||
|---|---|---|---|
| 001 | WB3940-02 | ||
| 008 | 031022n2003 000 0 eng u | ||
| 035 | _a(Sirsi) u123965 | ||
| 245 | _aOverhaul wanted for green homes | ||
| 260 | _c2003 | ||
| 490 |
_aPlanning (for the Natural and Built Environment) _v17 October 2003, 3(1) |
||
| 520 | _aA coalition of environmentalists and planners spearheaded by the World Wild Life Fund (WWF) and the Town and Country Planning Association is demanding the planning system and building regulations must be overhauled. The Sustainable Housing Forum argues that the regulations fail to tackle the environmental impact of building materials, energy and water consumption. It advises that regional and local plans should require that all developers reach the Building Research Establishment's EcoHomes 'very good' rating. For the WWF and TCPA press release: http://www.tcpa.org.uk/ | ||
| 590 | _aWB | ||
| 650 | _aSUSTAINABLE HOUSING FORUM | ||
| 650 | _aWWF | ||
| 650 | _aTOWN AND COUNTRY PLANNING ASSOCIATION | ||
| 650 | _aSUSTAINABLE BUILDING | ||
| 650 | _aPLANNING AUTHORITIES | ||
| 650 | _aCARBON DIOXIDE EMISSIONS | ||
| 690 | _aBUILT ENVIRONMENT-BUILDING STANDARDS | ||
| 942 | _n0 | ||
| 999 |
_c73619 _d73619 |
||